000 01183nam a2200301 i 4500
001 15840
003 DO-SdUEMH
005 20260212162717.0
007 ta
008 211105s2014||||dr a|||gr|||| 0|| | spa d
020 _a9789945891720
040 _aDO-SdUEMH
_bspa
_erda
041 _aspa
082 1 4 _aRD 378.7293 R426I
_mRD
084 _b14-00116
110 _aRepública Dominicana: Secretaría de Educación Superior Ciencia y Tecnología (SEESCyT)
245 0 _aInforme General Sobre Estadísticas de Educación Superior 2012:
_b Resumen histórico 2005-2012
260 _c2014
264 1 _aSanto Domingo, República Dominicana :
_bAlfa y Omega,
_c2014
264 4 _c©2014
300 _axiv, 466 páginas :
_bilustraciones ;
_c27 cm.
336 _2rdacontent
_atexto
_btxt
337 _2rdamedia
_asin mediación
_bn
338 _2rdacarrier
_avolumen
_bnc
505 2 _aResumen histórico de las estadísticas de educación superior dominicana 1250/2005-2012 -- Estadísticas de educación superior dominicana, 2012-1 -- Informaciones relacionadas con el Ministerio de Educación Superior, Ciencia y Tecnología (MESCYT, 2012).
942 _2ddc
_cBK
_n0
999 _c15840
_d15840